Analýza dopytu pre vybrané tovary a služby diplomová práca

Uložené v:
Podrobná bibliografia
Hlavný autor: Marcineková, Barbora
Korporativný autor: Fakulta podnikového manažmentu EU. Katedra podnikovohospodárska
Ďalší autori: Strieška, Ľubomír
Médium: Kniha
Jazyk:Slovak
Vydavateľské údaje: Bratislava 2012
Tagy: Pridať tag
Žiadne tagy, Buďte prvý, kto otaguje tento záznam!

MARC

LEADER 00000nbm a2200000 4500
001 0153983
005 20161109102130.0
041 0 |a slo 
044 |a SK 
245 1 0 |a Analýza dopytu pre vybrané tovary a služby  |b diplomová práca  |c Barbora Marcineková ; školiteľ: Ľubomír Strieška 
264 1 |a Bratislava  |c 2012 
300 |a 81 s. 
100 1 |a Marcineková, Barbora 
700 1 |a Strieška, Ľubomír 
710 2 |a Fakulta podnikového manažmentu EU. Katedra podnikovohospodárska